| 000 | 01189cam a22003014a 4500 | ||
|---|---|---|---|
| 001 | 13666250 | ||
| 003 | OSt | ||
| 005 | 20170105113047.0 | ||
| 008 | 040726r20041994nyua b 001 0 eng | ||
| 010 | _a 2004054602 | ||
| 020 | _a0521609887 (alk. paper) | ||
| 040 |
_aDLC _cDLC _dDLC |
||
| 042 | _apcc | ||
| 050 | 0 | 0 |
_aTJ1075 _b.W568 2005 |
| 082 | 0 | 0 |
_a621.8/9 _222 |
| 100 | 1 |
_aWilliams, J. A. _q(John Austin), _d1948- |
|
| 245 | 1 | 0 |
_aEngineering tribology / _cJohn Williams. |
| 260 |
_aNew York : _bCambridge University Press, _c2005. |
||
| 300 |
_axix, 488 p. : _bill. ; _c23 cm. |
||
| 500 | _aOriginally published: Oxford ; New York : Oxford University Press, 1994. | ||
| 504 | _aIncludes bibliographical references and index. | ||
| 650 | 0 | _aTribology. | |
| 856 | 4 | 2 |
_3Publisher description _uhttp://www.loc.gov/catdir/description/cam051/2004054602.html |
| 856 | 4 | 1 |
_3Table of contents only _uhttp://www.loc.gov/catdir/enhancements/fy0632/2004054602-t.html |
| 906 |
_a7 _bcbc _corignew _d1 _eocip _f20 _gy-gencatlg |
||
| 942 |
_2ddc _cBK |
||
| 999 |
_c32472 _d32472 |
||